000 00379cam a2200145ua 4500
003 OSt
008 241223b |||||||| |||| 00| 0 eng d
041 _aeng
082 _a621.312134
_bBRO/HY
100 _aBrown, Guthrie J.
_96510
245 0 0 _aHydro-electric engineering practice, Vol.2 /
260 _aLondon :
_bBlackie & Son Ltd ,
_c1958.
300 _a740 ; .
942 _cBK
999 _c10159
_d10159